Statistics for German Conjunctions, Prepositions and other connectors

Click here to take the quiz!

General Stats

  • This quiz has been taken 72 times
  • The average score is 18 of 55

Answer Stats

GermanEnglish% Correct
undand
100%
aberbut
89%
oderor
89%
wannwhen (for questions only)
68%
nicht nurnot only
61%
dassthat (que in Spanish)
61%
bisuntil
61%
bevorbefore
57%
beideboth
57%
weilbecause
54%
sondernrather (but)
54%
nachafter (with nouns)
50%
wennwhenever, if (present, future, repeated events)
50%
alsas, than, when (completed past events)
46%
wirklichreally (very)
43%
dennbecause
39%
seitsince (with nouns)
39%
dortthere (specific location)
39%
nachdemafter (with actions)
36%
leiderunfortunately
36%
obwohlalthough
32%
als obas if
32%
als wennas if (when)
32%
sobaldas soon as
32%
sondern auchbut also
32%
entwedereither
32%
seitdemsince (with actions)
32%
dathere (general)
32%
solangeas long as
29%
dochbut, if, though
29%
obwhether (if)
29%
fallsin case (if)
25%
sodassso that
25%
um..zuin order to
21%
währendwhereas, while (during)
21%
umaround
18%
sooftas often as (whenever)
18%
dabecause (formal)
14%
tatsächlichin fact, actually
14%
immer nochstill
14%
beimat the
11%
ehebefore (formal)
11%
alleinbut unfortunately
11%
entdecktendiscovered
11%
jedochhowever, nevertheless
11%
durchausabsolutely
7%
als auchas well as
7%
sowohleither
7%
eigentlichin reality, in fact
7%
allerdingsnevertheless, without a doubt
7%
beziehungsweiseor (more precisely)
7%
vermeintlichsupposedly
7%
darunterunderneath
7%
indemby (because of)
4%
damitso that
4%

Score Distribution

Percentile by Number Answered

Percent of People with Each Score

Your Score History

You have not taken this quiz